Rijkste landen ter wereld - Statistieken

Algemene statistieken
  • Deze quiz is 172 keer genomen
  • De gemiddelde score is 7 van 10
Antwoordstatistieken
Hint Antwoord % Correct
17.947.000 Verenigde Staten
100%
2.421.560 Frankrijk
87%
10.982.829 China
83%
3.357.614 Duitsland
80%
2.849.345 Verenigd Koninkrijk
70%
1.552.386 Canada
68%
4.123.258 Japan
66%
2.090.706 India
58%
1.815.757 Italië
57%
1.772.589 Brazilië
43%
Geen overeenkomende quizzen gevonden
Scoreverdeling
Procent van Mensen met Elke Score
Percentiel versus Aantal Correcte Antwoorden
Uw Scoregeschiedenis
U heeft deze quiz nog niet genomen